Statistics for NCAA FCS Conference Champions - Missouri Valley

Click here to take the quiz!

General Stats

  • This quiz has been taken 50 times
    (41 since last reset)
  • The average score is 26 of 34

Answer Stats

YearChampion(s)% Correct
2018North Dakota State
93%
2017North Dakota State
93%
2013North Dakota State
93%
2012North Dakota State
93%
2015North Dakota State or Illinois State
93%
2014North Dakota State or Illinois State
93%
2011North Dakota State or Northern Iowa
93%
2016North Dakota State or South Dakota State
93%
1990Northern Iowa or Missouri State
93%
1989Missouri State
86%
1987Northern Iowa
86%
1991Northern Iowa
86%
1992Northern Iowa
86%
1993Northern Iowa
86%
1994Northern Iowa
86%
1996Northern Iowa
86%
2001Northern Iowa
86%
1985Northern Iowa
86%
2010Northern Iowa
86%
2007Northern Iowa
86%
2004Southern Illinois
82%
2009Southern Illinois
82%
1999Illinois State
79%
2005Northern Iowa, Southern Illinois, or Youngstown State
79%
2000Western Illinois
75%
1997Western Illinois
75%
1988Western Illinois
75%
1998Western Illinois
75%
2006Youngstown State
75%
1986Eastern Illinois
46%
1995Northern Iowa or Eastern Illinois
21%
2003Northern Iowa or Southern Illinois
21%
2008Northern Iowa or Southern Illinois
21%
2002Western Illinois or Western Kentucky
18%

Score Distribution

Percentile by Number Answered

Percent of People with Each Score

Your Score History

You have not taken this quiz since the last reset